000 00279nam a22001217a 4500
082 _a823
_bMOL/L
100 _aMOLIERE
245 _aLES FEMMES SAVANTES
260 _aLONDON
_bGEORGE G HARRAO & CO LTD
_c1955
300 _a100
650 _aENGLISH PLAY
_zUNITED KINGDOM
942 _cBK
999 _c8000
_d8000